000
00309nam a22001337a 4500
008
180119b xxu||||| |||| 00| 0 eng d
020
_a
4555366064006
041
_a
eng
080
_a
336
100
_a
56
101
_a
fin
245
_a
money baking and financial markets
_c
miller.r.l
942
_2
udc
_c
BK
999
_c
40550
_d
40550